[Event "Extremadura-ch"]
[Site "Merida"]
[Date "2011.09.04"]
[Round "4"]
[White "Delgado Palomeque, Marco Antonio"]
[Black "Gonzalez Rodriguez, Emilio"]
[Result "1-0"]
[WhiteElo "2134"]
[BlackElo "1734"]
[PlyCount "59"]
[EventDate "2011.09.03"]
[EventType "swiss"]
[EventRounds "6"]
[EventCountry "ESP"]
[SourceTitle "EXT 2014"]
[Source "ChessBase"]
[SourceDate "2013.11.20"]
[SourceVersion "1"]
[SourceVersionDate "2013.11.20"]
[SourceQuality "1"]

1. e4 Nc6 2. Nf3 d5 3. Nc3 d4 4. Ne2 e5 5. Ng3 Be6 6. Bb5 Bd6 7. c3 Bg4 8. h3 Bxf3 9. Qxf3 Qf6 10. Qxf6 Nxf6 11. 0-0 a6 12. Bxc6+ bxc6 13. cxd4 0-0 14. d3 exd4 15. Nf5 Nd7 16. Nxd4 Ne5 17. Rd1 c5 18. Ne2 Nc6 19. Be3 Rab8 20. b3 Nb4 21. d4 Nc2 22. Rac1 Nxd4 23. Bxd4 cxd4 24. Nxd4 Rfe8 25. f3 Rbd8 26. Nc6 Ra8 27. Rd5 Bf4 28. Rcd1 Be3+ 29. Kf1 h6 30. Ke2 1-0

[Event "Extremadura-ch"]
[Site "Spain"]
[Date "2008.05.24"]
[Round "2"]
[White "Delgado Palomeque, Marco Antonio"]
[Black "Garrido Piriz, Pablo"]
[Result "1-0"]
[WhiteElo "2206"]
[BlackElo "1629"]
[PlyCount "83"]
[EventDate "2008.05.24"]
[EventType "swiss"]
[EventRounds "7"]
[EventCountry "ESP"]
[SourceTitle "EXT 2011"]
[Source "ChessBase"]
[SourceDate "2010.11.26"]
[SourceVersion "1"]
[SourceVersionDate "2010.11.26"]
[SourceQuality "1"]

1. e4 e6 2. d3 d5 3. Nd2 Nf6 4. Ngf3 c5 5. g3 Nc6 6. Bg2 Be7 7. 0-0 0-0 8. e5 Nd7 9. Re1 Qc7 10. Qe2 b5 11. Nf1 a5 12. Bf4 Ba6 13. h4 Rab8 14. Ne3 d4 15. Ng4 c4 16. Ng5 Bxg5 17. hxg5 Nc5 18. Nf6+ gxf6 19. gxf6 Kh8 20. Qh5 Rg8 21. Bf3 Rg6 22. Kg2 Qd8 23. Rh1 Qg8 24. Bxc6 cxd3 25. cxd3 Nxd3 26. Bh6 Nxb2 27. Rh4 Nc4 28. Rah1 Rb6 29. Bg7+ Rxg7 30. fxg7+ Qxg7 31. Qxh7+ Qxh7 32. Rxh7+ Kg8 33. Rh8+ Kg7 34. R1h7+ Kg6 35. Be4+ f5 36. Bf3 Nxe5 37. Bh5+ Kf6 38. Rf8+ Nf7 39. Rhxf7+ Ke5 40. f4+ Ke4 41. Rd7 d3 42. Kf2 1-0

[Event "Extremadura-ch"]
[Site "Badajoz"]
[Date "2007.06.09"]
[Round "5"]
[White "Delgado Palomeque, Marco Antonio"]
[Black "Ruiz Adrian, Manuel"]
[Result "1-0"]
[WhiteElo "2227"]
[BlackElo "2079"]
[PlyCount "82"]
[EventDate "2007.06.02"]
[EventType "swiss"]
[EventRounds "7"]
[EventCountry "ESP"]
[SourceTitle "EXT 2008"]
[Source "ChessBase"]
[SourceDate "2007.11.25"]
[SourceVersion "1"]
[SourceVersionDate "2007.11.25"]
[SourceQuality "1"]

1. e4 c5 2. Nf3 d6 3. c3 Nf6 4. Be2 Nc6 5. d4 e6 6. d5 exd5 7. exd5 Nb8 8. 0-0 Be7 9. Bb5+ Bd7 10. c4 Bxb5 11. cxb5 Nbd7 12. Nc3 0-0 13. Re1 Re8 14. h3 Nb6 15. Bf4 Qd7 16. g4 Bf8 17. Rxe8 Rxe8 18. a4 Ne4 19. Qd3 Nxc3 20. bxc3 h5 21. Ng5 g6 22. a5 c4 23. Qf3 Nc8 24. Ne4 Bg7 25. Bg5 f5 26. gxf5 Qxf5 27. Qxf5 gxf5 28. Nf6+ Bxf6 29. Bxf6 Kf7 30. Bd4 Re2 31. Ra4 Ne7 32. Bxa7 Nxd5 33. Bd4 Rb2 34. a6 bxa6 35. bxa6 Rb8 36. Rxc4 Ke6 37. a7 Ra8 38. Ra4 Nf4 39. Kf1 Nd3 40. Ke2 h4 41. Kf3 Rc8 1-0

[Event "Extremadura-ch"]
[Site "Badajoz"]
[Date "2007.06.02"]
[Round "1"]
[White "Arias Moreno, Jose Tomas"]
[Black "Delgado Palomeque, Marco Antonio"]
[Result "0-1"]
[WhiteElo "1726"]
[BlackElo "2227"]
[PlyCount "86"]
[EventDate "2007.06.02"]
[EventType "swiss"]
[EventRounds "7"]
[EventCountry "ESP"]
[SourceTitle "EXT 2008"]
[Source "ChessBase"]
[SourceDate "2007.11.25"]
[SourceVersion "1"]
[SourceVersionDate "2007.11.25"]
[SourceQuality "1"]

1. e4 c5 2. Nf3 Nc6 3. Nc3 g6 4. d3 Bg7 5. Be2 Nf6 6. 0-0 0-0 7. Bd2 d6 8. h3 Rb8 9. Qc1 b5 10. Bh6 b4 11. Nd1 e5 12. Bxg7 Kxg7 13. Ne3 Nh5 14. Nd5 Ne7 15. Nxe7 Qxe7 16. Kh2 Nf4 17. Qe3 Be6 18. Ng1 f5 19. g3 Nxe2 20. Qxe2 f4 21. Qf3 fxg3+ 22. Qxg3 Rf4 23. a3 bxa3 24. b3 c4 25. Rxa3 cxb3 26. cxb3 Rxb3 27. Rxb3 Bxb3 28. Qe3 a5 29. d4 a4 30. Ne2 Rf7 31. d5 Qa7 32. Qxa7 Rxa7 33. Nc3 a3 34. Ra1 a2 35. Nb5 Ra6 36. Kg3 Bc4 37. Nxd6 Rxd6 38. f4 exf4+ 39. Kxf4 Rb6 40. Ke5 Rb1 41. Rxa2 Bxa2 42. Ke6 Re1 43. Ke5 Bb1 0-1

[Event "Extremadura-ch"]
[Site "Badajoz"]
[Date "2007.06.02"]
[Round "2"]
[White "Delgado Palomeque, Marco Antonio"]
[Black "Mimbrero Cuello, Diego"]
[Result "1-0"]
[WhiteElo "2227"]
[BlackElo "1859"]
[PlyCount "49"]
[EventDate "2007.06.02"]
[EventType "swiss"]
[EventRounds "7"]
[EventCountry "ESP"]
[SourceTitle "EXT 2008"]
[Source "ChessBase"]
[SourceDate "2007.11.25"]
[SourceVersion "1"]
[SourceVersionDate "2007.11.25"]
[SourceQuality "1"]

1. e4 d6 2. d4 Nf6 3. Nc3 c6 4. f4 Qa5 5. Bd3 e5 6. Nf3 exd4 7. Nxd4 Qb6 8. Nf3 Be7 9. Qe2 0-0 10. Rb1 Nbd7 11. Be3 Qc7 12. 0-0 Re8 13. h3 Nf8 14. Qf2 Ng6 15. g4 b6 16. Rbe1 Bd7 17. f5 Ne5 18. g5 Nh5 19. Be2 g6 20. Nxe5 dxe5 21. Bxh5 gxh5 22. Qh4 Kh8 23. Qxh5 Rf8 24. g6 Kg7 25. f6+ 1-0

[Event "Extremadura-chT"]
[Site "Spain"]
[Date "2007.02.10"]
[Round "4.2"]
[White "Delgado Palomeque, Marco Antonio"]
[Black "Figuero Toro, Julian Francisco"]
[Result "0-1"]
[WhiteElo "2214"]
[BlackElo "2249"]
[PlyCount "60"]
[EventDate "2007.01.20"]
[EventType "team-swiss"]
[EventRounds "7"]
[EventCountry "ESP"]
[SourceTitle "EXT 2011"]
[Source "ChessBase"]
[SourceDate "2010.11.26"]
[SourceVersion "1"]
[SourceVersionDate "2010.11.26"]
[SourceQuality "1"]
[WhiteTeam "Cuna Ajoblanco"]
[BlackTeam "Circulo Pacense"]
[WhiteTeamCountry "ESP"]
[BlackTeamCountry "ESP"]

1. e4 c5 2. Nf3 Nc6 3. d4 cxd4 4. Nxd4 Nf6 5. Nc3 d6 6. Bg5 Qa5 7. Bxf6 gxf6 8. Nb3 Qg5 9. Nd5 Rb8 10. f4 Qg6 11. f5 Qg5 12. Qd2 Qh4+ 13. Kd1 Qxe4 14. Bb5 Qg4+ 15. Kc1 Qxf5 16. Re1 Qg5 17. Re3 Bh6 18. g3 Be6 19. Bxc6+ bxc6 20. Nf4 0-0 21. Nd4 Qc5 22. b3 Qa3+ 23. Kb1 Bg4 24. Qe1 e5 25. Nxc6 exf4 26. gxf4 Bxf4 27. Nxb8 Rxb8 28. Qg1 Bxe3 29. Qxg4+ Kh8 30. Qe2 Qc5 0-1

[Event "Navalmoral op 12th"]
[Site "Navalmoral"]
[Date "2006.12.06"]
[Round "2"]
[White "Delgado Palomeque, Marco Antonio"]
[Black "Mirzoev, Azer"]
[Result "0-1"]
[WhiteElo "2202"]
[BlackElo "2543"]
[PlyCount "81"]
[EventDate "2006.12.06"]
[EventType "swiss"]
[EventRounds "9"]
[EventCountry "ESP"]
[SourceTitle "EXT 2008"]
[Source "ChessBase"]
[SourceDate "2007.11.25"]
[SourceVersion "1"]
[SourceVersionDate "2007.11.25"]
[SourceQuality "1"]

1. e4 Nf6 2. Nc3 d5 3. e5 Nfd7 4. e6 fxe6 5. d4 c5 6. Bd3 Nf6 7. Nf3 g6 8. 0-0 Bg7 9. dxc5 0-0 10. Na4 Nc6 11. c4 Ng4 12. Bg5 Qc7 13. h3 Nge5 14. Nxe5 Nxe5 15. cxd5 exd5 16. Be2 e6 17. Rc1 Bd7 18. b4 Nf7 19. Bh4 Qf4 20. c6 Bxc6 21. b5 Bxb5 22. Bxb5 Qxh4 23. Nc5 Ng5 24. Nxe6 Nxe6 25. Qxd5 Bd4 26. Qxe6+ Kh8 27. Rc2 Rad8 28. Bd7 Rf6 29. Qg4 Qxg4 30. Bxg4 h5 31. Bf3 b5 32. Rc6 Rxc6 33. Bxc6 b4 34. Ba4 Bb6 35. Rd1 Rf8 36. Rd2 h4 37. Kf1 Kg7 38. f3 Rc8 39. Ke2 Rc5 40. Rd4 a5 41. Rxh4 0-1

[Event "Extremadura-chT"]
[Site "Spain"]
[Date "2006.03.04"]
[Round "5"]
[White "Delgado Palomeque, Marco Antonio"]
[Black "Guerrero Arroyo, Pedro"]
[Result "1-0"]
[WhiteElo "2197"]
[BlackElo "2097"]
[PlyCount "63"]
[EventDate "2006.02.04"]
[EventType "team"]
[EventRounds "9"]
[EventCountry "ESP"]
[SourceTitle "EXT 2007"]
[Source "ChessBase"]
[SourceDate "2006.11.23"]
[SourceVersion "1"]
[SourceVersionDate "2006.11.23"]
[SourceQuality "1"]

1. e4 c5 2. Nf3 e6 3. d3 Nc6 4. Nbd2 d6 5. g3 g6 6. Bg2 Bg7 7. 0-0 Nge7 8. c3 0-0 9. Rb1 h6 10. Qc2 a5 11. b3 b5 12. a3 e5 13. Bb2 Be6 14. Rfc1 Qd7 15. d4 exd4 16. cxd4 cxd4 17. Qd3 Ne5 18. Qf1 Nxf3+ 19. Nxf3 Bxb3 20. Bxd4 Bc4 21. Qe1 Bxd4 22. Nxd4 Nc6 23. Nxc6 Qxc6 24. e5 d5 25. Qe3 Rfe8 26. Rd1 Rad8 27. Rd4 Qc5 28. Rbd1 a4 29. Qxh6 Rxe5 30. Rh4 Rh5 31. Rxh5 gxh5 32. Qg5+ 1-0

[Event "Navalmoral op 10th"]
[Site "Navalmoral"]
[Date "2004.12.07"]
[Round "6"]
[White "Carrasco Martinez, Juan Manuel"]
[Black "Delgado Palomeque, Marco Antonio"]
[Result "1-0"]
[WhiteElo "2408"]
[BlackElo "2165"]
[PlyCount "123"]
[EventDate "2004.12.04"]
[EventType "swiss"]
[EventRounds "9"]
[EventCountry "ESP"]
[SourceTitle "CBM 103 Extra"]
[Source "ChessBase"]
[SourceDate "2005.01.01"]
[SourceVersion "1"]
[SourceVersionDate "2005.01.01"]
[SourceQuality "1"]

1. d4 d5 2. c4 c6 3. Nf3 Nf6 4. Qc2 dxc4 5. Qxc4 Bf5 6. g3 e6 7. Bg2 Be7 8. 0-0 0-0 9. Bg5 Nbd7 10. Nc3 Ne4 11. Bxe7 Qxe7 12. Rfd1 Nxc3 13. Qxc3 Be4 14. Rac1 Rfd8 15. Bf1 Rac8 16. Nd2 Bg6 17. Nc4 b6 18. Bg2 c5 19. Qa3 Kf8 20. Qxa7 cxd4 21. Rxd4 b5 22. Rcd1 bxc4 23. Rxd7 Rxd7 24. Rxd7 Qb4 25. Qd4 Qe1+ 26. Bf1 Qa5 27. h4 h6 28. Bh3 Kg8 29. Bxe6 Qe1+ 30. Kg2 Qxe2 31. Rxf7 Bxf7 32. Bxc8 Bg6 33. Bb7 Bd3 34. Bf3 Qf1+ 35. Kh2 Bf5 36. Bg2 Qd3 37. Qxd3 cxd3 38. Bf3 Kf7 39. Bd1 Ke6 40. g4 Bh7 41. f4 Kd5 42. Kg3 Kd4 43. Kf3 Be4+ 44. Kf2 Bc6 45. a4 Bd7 46. a5 Bb5 47. Bf3 d2 48. Be2 Ke4 49. f5 Kf4 50. Bd1 Ba6 51. b4 Bb5 52. Be2 Bc4 53. g5 hxg5 54. hxg5 Kxg5 55. Ke3 Kxf5 56. Kxd2 Bd5 57. b5 Ke5 58. Kc3 Kd6 59. Kb4 Kc7 60. Kc5 Be4 61. b6+ Kb8 62. a6 1-0

[Event "ESP-chT"]
[Site "Barcelona"]
[Date "2000.08.12"]
[Round "8"]
[White "Delgado Palomeque, Marco Antonio"]
[Black "Limeres Guiance, Cristobal"]
[Result "1-0"]
[WhiteElo "2141"]
[BlackElo "2269"]
[PlyCount "73"]
[EventDate "2000.08.05"]
[EventType "team-tourn"]
[EventRounds "9"]
[EventCountry "ESP"]
[SourceTitle "CBM 077 Extra"]
[Source "ChessBase"]
[SourceDate "2000.09.14"]
[SourceVersion "1"]
[SourceVersionDate "2000.09.14"]
[SourceQuality "1"]

1. e4 e6 2. d3 d5 3. Nd2 Nf6 4. Ngf3 Nc6 5. e5 Nd7 6. d4 f6 7. exf6 Nxf6 8. Bb5 Bd6 9. 0-0 0-0 10. c4 Bd7 11. c5 Be7 12. Re1 a6 13. Bxc6 Bxc6 14. Ng5 Bd7 15. Qe2 Re8 16. Ndf3 Bf8 17. Ne5 Re7 18. Qc2 Be8 19. a4 h6 20. Nh3 Nd7 21. Ra3 Nxe5 22. Rxe5 Kh8 23. Ng5 g6 24. Nxe6 Rxe6 25. Rxe6 Bf7 26. Re1 Qh4 27. Rf3 Kg7 28. Bf4 Kg8 29. Be5 Re8 30. Ree3 Re6 31. Rf4 Qh5 32. Ref3 Re7 33. h3 Bg7 34. Bxg7 Kxg7 35. c6 b6 36. Qe2 Be6 37. Rf6 1-0

[Event "Aceimar op 6th"]
[Site "Mondariz"]
[Date "1999.07.30"]
[Round "4"]
[White "Remiro Juste, Fernando Jose"]
[Black "Delgado Palomeque, Marco Antonio"]
[Result "1/2-1/2"]
[WhiteElo "2281"]
[BlackElo "2106"]
[PlyCount "115"]
[EventDate "1999.07.27"]
[EventType "swiss"]
[EventRounds "9"]
[EventCountry "ESP"]
[SourceTitle "EXT 2000"]
[Source "ChessBase"]
[SourceDate "1999.11.16"]
[SourceVersion "1"]
[SourceVersionDate "1999.11.16"]
[SourceQuality "1"]

1. e4 e6 2. d3 d5 3. Nd2 Nf6 4. Ngf3 b6 5. g3 dxe4 6. dxe4 Bb7 7. Bg2 Nxe4 8. Nh4 Nxf2 9. Kxf2 Qd4+ 10. Ke1 Nc6 11. Nhf3 Qe3+ 12. Qe2 Qxe2+ 13. Kxe2 Nd4+ 14. Nxd4 Bxg2 15. Re1 Bb7 16. N2f3 Ba6+ 17. Kf2 c5 18. Ne2 0-0-0 19. Be3 f6 20. a4 e5 21. Nc3 Bd6 22. Nb5 Bb8 23. Rad1 Kb7 24. Rxd8 Rxd8 25. Nc3 Kc6 26. Rd1 Re8 27. Nd5 Bc4 28. Nc3 Be6 29. Kg2 Bg4 30. h3 Bf5 31. Rd2 h5 32. b3 a6 33. Ne1 Bc7 34. Nd3 Bg6 35. b4 Bxd3 36. Rxd3 cxb4 37. Nd5 a5 38. c3 Rd8 39. Ne7+ Kb7 40. Rxd8 Bxd8 41. Nd5 b3 42. c4 Be7 43. Nc3 Kc6 44. Kf3 Bc5 45. Ke2 Bxe3 46. Kxe3 Kc5 47. Kd3 f5 48. Nd5 g5 49. Kc3 g4 50. hxg4 hxg4 51. Ne3 f4 52. Nxg4 b2 53. Kxb2 fxg3 54. Nxe5 g2 55. Nf3 Kxc4 56. Ka3 b5 57. axb5 Kxb5 58. Ng1 1/2-1/2